|
|
|
|
| LEADER |
00000nam a2200000 a 4500 |
| 001 |
UCN6715 |
| 003 |
CL-VaPUC |
| 008 |
011005e19990000MX |||||||||||||||||spa|d |
| 082 |
0 |
4 |
|a 658.562
|b PER
|2 21
|
| 100 |
0 |
|
|a Pérez López, César
|e author
|9 462469
|
| 245 |
1 |
0 |
|a Control estadístico de la calidad: teoría, práctica y aplicaciones informáticas
|
| 300 |
|
|
|a 698 p
|
| 942 |
|
|
|c BK
|
| 945 |
|
|
|d 20011005 00:00:00
|a cmena
|
| 260 |
|
|
|a Ciudad de México
|b Alfaomega
|c 1999
|
| 650 |
|
0 |
|a Control de calidad
|9 259714
|
| 650 |
|
0 |
|a Métodos estadísticos
|9 259407
|
| 650 |
|
7 |
|a CONTROL DE PRODUCCION
|2 CL-VaPUC
|9 271421
|
| 650 |
|
0 |
|a Calidad total
|9 259929
|
| 650 |
|
0 |
|a Estadística matemática
|9 260028
|
| 650 |
|
0 |
|a Teoría de probabilidades
|9 336944
|
| 650 |
|
7 |
|a SAS
|2 CL-VaPUC
|9 462470
|
| 650 |
|
7 |
|a STATGRAPHICS
|2 CL-VaPUC
|9 462471
|
| 650 |
|
7 |
|a MINITAB
|2 CL-VaPUC
|9 348325
|
| 650 |
|
7 |
|a SPSS
|2 CL-VaPUC
|9 362442
|
| 583 |
|
|
|a last modification
|c 20011005 00:00:00
|k Rodrigo Vera
|
| 999 |
|
|
|c 297399
|d 297397
|
| 952 |
|
|
|0 0
|1 0
|4 0
|6 658_562000000000000_PER_1999
|7 0
|8 A
|9 352101
|a BIBING
|b BIBING
|d 2019-11-21
|i 3755347
|o 658.562 PER 1999
|p 3755347
|r 2025-01-20
|w 2019-11-21
|y BK
|k CCL
|
| 952 |
|
|
|0 0
|1 0
|4 0
|6 658_562000000000000_PER_1999
|7 0
|8 A
|9 352102
|a BIBING
|b BIBING
|d 2019-11-21
|i 3755320
|o 658.562 PER 1999
|p 3755320
|r 2025-01-20
|w 2019-11-21
|y BK
|k CCL
|
| 952 |
|
|
|0 0
|1 0
|4 0
|6 658_562000000000000_PER_1999
|7 0
|8 A
|9 352103
|a BIBING
|b BIBING
|d 2019-11-21
|i 3755339
|o 658.562 PER 1999
|p 3755339
|r 2025-01-20
|w 2019-11-21
|y BK
|k CCL
|